[Event "Birmingham op"]
[Site "Birmingham"]
[Date "2020.02.22"]
[Round "2"]
[White "Leon Cazares, Gustavo"]
[Black "Kalaiyalahan, Akshaya"]
[Result "0-1"]
[WhiteElo "2084"]
[BlackElo "2154"]
[PlyCount "152"]
[EventDate "2020.02.22"]
[EventType "team-swiss"]
[EventRounds "5"]
[EventCountry "ENG"]
[SourceTitle "CBM 195 Extra"]
[Source "ChessBase"]
[SourceDate "2020.05.31"]
[SourceVersion "1"]
[SourceVersionDate "2020.05.31"]
[SourceQuality "1"]
[WhiteTeam "Cambridge"]
[BlackTeam "Oxford"]
[WhiteTeamCountry "ENG"]
[BlackTeamCountry "ENG"]

1. e4 c5 2. c3 d5 3. exd5 Qxd5 4. d4 Nc6 5. Nf3 Bf5 6. Na3 cxd4 7. Nb5 0-0-0 8. cxd4 e5 9. Qa4 Bb4+ 10. Bd2 Bxd2+ 11. Kxd2 a6 12. Nc3 Qd6 13. d5 Nce7 14. Rc1 Kb8 15. Bc4 e4 16. Nd4 Qf4+ 17. Ke2 Bg4+ 18. f3 exf3+ 19. Nxf3 Nf5 20. Rcf1 Nf6 21. Bb3 Rhe8+ 22. Kd1 Ne3+ 23. Kc1 Qxa4 24. Bxa4 b5 25. Bb3 Nxf1 26. Rxf1 b4 27. Na4 Nxd5 28. Nd4 Rc8+ 29. Kb1 Nf6 30. Nb6 Rc7 31. Nc2 Ka7 32. Nc4 Be2 33. Rf4 Bxc4 34. Bxc4 a5 35. a3 Rec8 36. b3 bxa3 37. Nxa3 Kb6 38. Nb5 Rd7 39. Nc3 Rd2 40. Rf5 Rxg2 41. Rb5+ Kc7 42. Rc5+ Kd8 43. Rxa5 Rxh2 44. Nb5 Rh1+ 45. Kb2 Rh2+ 46. Ka3 Rh5 47. Ra7 Rxb5 48. Bxb5 Rc7 49. Ra8+ Ke7 50. b4 Nd5 51. Re8+ Kf6 52. Bf1 Ra7+ 53. Kb3 Rb7 54. Re4 Rxb4+ 55. Rxb4 Nxb4 56. Kxb4 h5 57. Kc4 Ke5 58. Kd3 Kf4 59. Bg2 h4 60. Ke2 Kg3 61. Kf1 h3 62. Bd5 h2 63. Bc6 f5 64. Bd5 f4 65. Bh1 g5 66. Ke1 g4 67. Ke2 f3+ 68. Ke3 Kh4 69. Kf2 Kh3 70. Kf1 Kg3 71. Ke1 Kf4 72. Kf2 g3+ 73. Kf1 Ke3 74. Bg2 fxg2+ 75. Kxg2 h1Q+ 76. Kxh1 Kf3 0-1

[Event "Birmingham op"]
[Site "Birmingham"]
[Date "2020.02.22"]
[Round "1"]
[White "Varney, Daniel"]
[Black "Leon Cazares, Gustavo"]
[Result "1/2-1/2"]
[WhiteElo "1993"]
[BlackElo "2084"]
[PlyCount "75"]
[EventDate "2020.02.22"]
[EventType "team-swiss"]
[EventRounds "5"]
[EventCountry "ENG"]
[SourceTitle "CBM 195 Extra"]
[Source "ChessBase"]
[SourceDate "2020.05.31"]
[SourceVersion "1"]
[SourceVersionDate "2020.05.31"]
[SourceQuality "1"]
[WhiteTeam "Bristol"]
[BlackTeam "Cambridge"]
[WhiteTeamCountry "ENG"]
[BlackTeamCountry "ENG"]

1. e4 c5 2. d4 cxd4 3. c3 d3 4. Bxd3 Nc6 5. Nf3 d6 6. h3 g6 7. 0-0 Bg7 8. Bg5 Nf6 9. Nbd2 0-0 10. Nd4 Bd7 11. Qe2 Rc8 12. Be3 d5 13. Nxc6 Bxc6 14. e5 Ne4 15. Bd4 Qc7 16. Nxe4 dxe4 17. Bxe4 Bxe5 18. Bxa7 Bf6 19. Bxc6 Qxc6 20. Be3 Rfd8 21. Rfd1 Qa4 22. Rd2 Kg7 23. Bb6 Rxd2 24. Qxd2 Rc6 25. Be3 Rd6 26. Qe2 h5 27. b3 Qa5 28. b4 Qa3 29. Bc5 Re6 30. Qc4 Bxc3 31. Bd4+ Bxd4 32. Qxd4+ Kh7 33. Qf4 Rf6 34. Qd2 Rd6 35. Qf4 Rf6 36. Qd2 Rd6 37. Qf4 Rf6 38. Qd2 1/2-1/2

[Event "BCF-chT2 1819 (4NCL) Promotion"]
[Site "England"]
[Date "2019.05.04"]
[Round "9.36"]
[White "Yoon, Jacob D"]
[Black "Leon Cazares, Gustavo"]
[Result "0-1"]
[WhiteElo "1971"]
[BlackElo "2082"]
[PlyCount "98"]
[EventDate "2018.11.10"]
[EventType "team-tourn"]
[EventRounds "11"]
[EventCountry "ENG"]
[SourceTitle "EXT 2021"]
[Source "ChessBase"]
[SourceDate "2020.10.23"]
[SourceVersion "1"]
[SourceVersionDate "2020.10.23"]
[SourceQuality "1"]
[WhiteTeam "KJCA Kings"]
[BlackTeam "Barbican II"]
[WhiteTeamCountry "ENG"]
[BlackTeamCountry "ENG"]

1. e4 c5 2. Nf3 d6 3. c3 Nf6 4. Be2 Nc6 5. d4 cxd4 6. cxd4 d5 7. exd5 Nxd5 8. 0-0 g6 9. Nc3 Bg7 10. Qb3 Nxc3 11. bxc3 0-0 12. Bf4 b6 13. Rad1 Bb7 14. Qa3 Rc8 15. Rfe1 e6 16. Ba6 Qd7 17. Bxb7 Qxb7 18. h4 Na5 19. h5 Qc6 20. Qe7 Qd5 21. hxg6 hxg6 22. Ne5 Nc6 23. Qh4 Nxe5 24. dxe5 Qc4 25. Re3 Rfe8 26. Rh3 Kf8 27. Rd4 Qe2 28. Qg5 Rxc3 29. Rh7 Rc1+ 30. Kh2 Rc5 31. Rd7 Rxe5 32. Rxg7 Qh5+ 33. Qxh5 Rxh5+ 34. Kg3 Kxg7 35. Rxa7 Rb5 36. a4 Rb3+ 37. f3 e5 38. Bd2 Re6 39. Ra8 e4 40. a5 e3 41. Be1 bxa5 42. Rxa5 Rc6 43. Ra2 Kf6 44. Re2 Kf5 45. Ba5 Rc5 46. Bd8 Rd5 47. Be7 Rd2 48. Re1 Rbb2 49. Bc5 Rxg2+ 0-1